Welcome to the Holygrace Academy Library

Please use search bar below to get started

LAB MANUAL OF PHYSICS (Record no. 6954)

MARC details
000 -LEADER
fixed length control field 00271nam a22001217a 4500
082 ## - DEWEY DECIMAL CLASSIFICATION NUMBER
Classification number 530
Item number ARO/L
100 ## - MAIN ENTRY--AUTHOR NAME
Personal name ARORA, S L
245 ## - TITLE STATEMENT
Title LAB MANUAL OF PHYSICS
Remainder of title CLASS XI
260 ## - PUBLICATION, DISTRIBUTION, ETC. (IMPRINT)
Place of publication DELHI
Name of publisher DHANPAT RAI & CO
Year of publication 2023
300 ## - PHYSICAL DESCRIPTION
Number of Pages 271
650 ## - SUBJECT ADDED ENTRY--TOPICAL TERM
Topical Term PHYSICS
Geographic subdivision INDIA
942 ## - ADDED ENTRY ELEMENTS (KOHA)
Koha item type Books
Holdings
Withdrawn status Lost status Collection code Home library Current library Shelving location Date acquired Source of acquisition Cost, normal purchase price Full call number Accession Number Koha item type
    Reference Main Library Main Library NEW SHELF WITH NEW ENTRY 26/10/2023 purchase 1450.00 530 ARO/L 12984 Books